Регионална библиотека "Любен Каравелов" - Русе

Хиляда и една нощ (Запис номер 63781)

MARC детайли
000 -Лидер
Контролно поле с фиксирана дължина 01208nam a2200337 c 4500
003 - Код на организацията, давaща контролен номер
Контролно поле BLK
005 - Дата и час на последна редакция
Контролно поле 20250728112731.0
008 - Елементи от данни с фиксирана дължина
fixed length control field 180408b bul|||||r ||||||| ||bul||
010 ## - Наследен системен номер
LC control number KNG00068040000
020 ## - Международен стандартен номер на книга ISBN
Международен стандартен номер на книга ISBN 954-26-0369-Х
020 ## - Международен стандартен номер на книга ISBN
Международен стандартен номер на книга ISBN 978-954-26-0369-6
040 ## - Източник на каталожния запис
Идентификатор на билиотеката - собственик на записа BLK
041 ## - Код за език
Код за езика на текст/звукозапис или на отделно заглавие Български
Код за езика КДБФ Български
080 ## - УДК
Текстов определител УДК Арабска литература. Подразделя се с помощта на общите определители на място (5/6)
УДК код - определител по УДК 821.411.21
УДК определител -93-34
УДК - код + определител 821.411.21-93-34
139 ## - Редно поле
Редна дума Хиляда и една нощ
Авторски знак Хил - Х 49
245 10 - Сведения за заглавието
Заглавие Хиляда и една нощ
Подзаглавни данни Приказки на Шехеразада
Редно поле (дума) прев. София Яневска.
250 ## - Област на изданието
Сведения за изданието 2. изд.
257 ## - Страна на издаване
Страна на създаване/издаване Персия
260 ## - Област на издателските данни
Име на издателя, разпространителя и проч. Хермес
Година на издаване 2006
Място на издаване, разпространение и проч. Пловдив
300 ## - Физическа характеристика
Страници 152 с.
Размери/Мащаб 20 см
380 ## - Жанр
Жанр Детска худож. лит.
490 ## - СЕРИИ (Колекции)
Име на серия Златно перо : Детско-юношеска класика
9 (RLIN) 201323
700 1# - Други автори (авторска отговорност)
Лично име Яневска, София
Автороска отговорност (Описва отношението между автора и произведението) прев.
9 (RLIN) 145677
852 ## - Местоположение
Форматна сигнатура Цб 229139
856 4# - Електронен адрес и достъп
Електронен формат pdf - файл
856 4# - Електронен адрес и достъп
Електронен формат pdf - файл
999 ## - СИСТЕМНИ КОНТРОЛНИ НОМЕРА
Koha biblionumber 63781
Koha biblioitemnumber 63781
942 ## - АРТИКУЛИ
Вид на библиотечния материал Книги
Скрит в OPAC Не
Koha issues (borrowed), all copies 14
Периодичен библиозапис Да
944 ## - СЪЗДАВАНЕ И РЕДАКЦИЯ на ЗАПИСА
Създаване/Редакция Създаване
Дата на регистрацията/редакция 20.09.2006
Служител, извършил регистрацията/редакцията 30564
Статус, дата на статуса Анна Гръцманова
944 ## - СЪЗДАВАНЕ И РЕДАКЦИЯ на ЗАПИСА
Създаване/Редакция Редакция
Дата на регистрацията/редакция 20.09.2006
999 ## - СИСТЕМНИ КОНТРОЛНИ НОМЕРА
Koha biblioitemnumber 63781
Наличности
Код за отписване Код за изгубен артикул Код за повреда Коз за рестрикции Код за отдаване Артикулен № Име на библиотеката - собственик Име на библиотеката, в която се намира в момента Статус (Текущо местоположение) Дата на вписване в системата Местоположение - отдел Цена в лева Инвентарен номер Систематично азбучна сигнатура Баркод Номер на екземпляра Цена в евро Служебна бележка Служебен тип на артикула Източник на класификационната схема
  Не е изгубен Не е повреден без рестрикции заемане за дома 105749 Регионална библиотека "Любен Каравелов" Русе Регионална библиотека "Любен Каравелов" Русе Детски отдел 2006-09-20 Детски отдел 3.00 120000705218 Д 820/899/Х 49 120000705218 1 1.53 Дост: Pk Вид: Ф N: 43817 Дата: 14.09.2006 Дата инв: 14.08.2015 Бележки инв: Д2015 Книги  
  Не е изгубен Не е повреден без рестрикции заемане за дома 105750 Регионална библиотека "Любен Каравелов" Русе Регионална библиотека "Любен Каравелов" Русе Детски отдел 2006-09-20 Детски отдел 3.00 120000705219 Д 820/899/Х 49 120000705219 2 1.53 Дост: Pk Вид: Ф N: 43817 Дата: 14.09.2006 Дата инв: 14.08.2015 Бележки инв: Д2015 Книги  
Изтеглен Не е изгубен Не е повреден без рестрикции заемане за дома 105751 Регионална библиотека "Любен Каравелов" Русе Регионална библиотека "Любен Каравелов" Русе Детски отдел 2006-09-20 Детски отдел 3.00 120000705220 Д 820/899/Х 49 120000705220 3 1.53 Дост: Pk Вид: Ф N: 43817 Дата: 14.09.2006 Дата инв: 05.11.2015 Бележки инв: Д2015 Книги Universal Decimal Classification
  Не е изгубен Не е повреден без рестрикции ползва се в читалня 105752 Регионална библиотека "Любен Каравелов" Русе Регионална библиотека "Любен Каравелов" Русе Хранилище 2006-09-20 Основен фонд - ползва се само за читалня 3.00 120000705221 Цб 229139 120000705221 4 1.53 Дост: Pk Вид: Ф N: 43817 Дата: 14.09.2006 Книги  
Vip Innovations Ltd, Rousse, Bulgaria 2025